| 000 | 00000nam 2200000za 4500 |
| 001 | 9.643768 |
| 003 | CaOODSP |
| 005 | 20240624082227 |
| 007 | cr ||||||||||| |
| 008 | 150407|1968||||xxc|||||o f|0| 0 fre d |
| 040 | |aCaOODSP|bfre |
| 043 | |an-cn--- |
| 086 | 1 |aZ1-1962/2-1A-F-PDF |
| 245 | 00|aRapport de la Commission royale d'enquête sur le pilotage. Titre I |h[ressource électronique] : |bappendices / |cYves Bernier, président. |
| 260 | |aOttawa : |bBureau du Conseil privé, |c1968. |
| 300 | |a132, 126 p. : |bgraphiques |
| 500 | |aPublication historique numérisée en 2008 par le Bureau du Conseil privé du Canada. |
| 590 | |a15-04-Supp|b2015-03-19 |
| 691 | 07|aCommission d'enquête|2gcpds |
| 691 | 07|aPilotage|2gcpds |
| 710 | 1 |aCanada. |bBureau du Conseil privé. |
| 775 | 08|tReport of the Royal Commission on Pilotage. Part I : |w(CaOODSP)9.699812 |
| 856 | 40|ahttp://publications.gc.ca|qPDF|s7.21 Mo|uhttps://publications.gc.ca/collections/collection_2014/bcp-pco/Z1-1962-2-1A-2-fra.pdf |
| 856 | 40|ahttp://publications.gc.ca|qPDF|s5.64 Mo|uhttps://publications.gc.ca/collections/collection_2014/bcp-pco/Z1-1962-2-1A-1-fra.pdf |